000
00353nam a2200133Ia 4500
008
230411s9999 xx 000 0 und d
041
_a
eng
082
_a
SO/301/NEE/B07854
100
_a
Neeraja KP
245
_a
Textbook of Sociology for Nursing Students
260
_b
Jaypee Brothers
_a
New Delhi
_c
2005
300
_a
607p
999
_c
157911
_d
157911